عرض عادي
عرض مارك
- طرق التدريس
دخول Topical Term
001 - CONTROL NUMBER
- control field: 29883
003 - CONTROL NUMBER IDENTIFIER
- control field: AE-AdECS
005 - DATE AND TIME OF LATEST TRANSACTION
- control field: 20260511090134.0
008 - FIXED-LENGTH DATA ELEMENTS
- fixed length control field: 260511|| aca||aabn | a|a d
040 ## - CATALOGING SOURCE
- Original cataloging agency: AE-AdECS
- Transcribing agency: AE-AdECS
150 ## - HEADING--TOPICAL TERM
- Topical term or geographic name entry element: طرق التدريس
- General subdivision: معالجة بيانات
670 ## - SOURCE DATA FOUND
- Source citation: Work cat.: (AE-AdECS)295099: حسنين، أبو العلا عطيفي، مؤلف. 29882, الاستخدام المسؤول للذكاء الاصطناعي التوليدي في التعليم والبحث العلمي :
